Mejorar el liderazgo escolar. Volumen 1: política y práctica.

Kaydedildi:
Detaylı Bibliyografya
Yazar: Pont, Beatriz (autor)
Diğer Yazarlar: Nusche, Deborah (autor) (autor), Moorman, Hunter (autor) (autor)
Materyal Türü: Kitap
Dil:İspanyolca
Konular:
Etiketler: Etiketle
Etiket eklenmemiş, İlk siz ekleyin!

MARC

LEADER 00000nam^a2200000^u^4500
001 000525936
005 20250521000000.0
008 130515s10001000^^^^cr^^r^^^^^000^0^spa^d
009 20260310130658.18
035 |a FCE 000070181 
037 |a Acervo ITESO - Biblioteca 
041 |a spa 
082 0 4 |a 371.29  |b ORGm V.1 
100 |a Pont, Beatriz  |e (autor) 
245 1 0 |a Mejorar el liderazgo escolar.  |b Volumen 1: política y práctica. 
264 |a México:  |b OCDE,  |c 2009. 
300 |a 199 p. 
336 |a texto  |b txt  |2 rdacontenido 
337 |a sin mediación  |b n  |2 rdamedio 
338 |a volumen  |b nc  |2 rdasoporte 
649 |a XX 
650 |a Formación 
650 |a Distribución 
650 |a Habilidades 
650 |a Profesionalización 
650 |a Liderazgo escolar 
650 |a Responsabilidades 
700 |a Nusche, Deborah  |e (autor) 
700 |a Moorman, Hunter  |e (autor) 
910 |a Fondo Centro de Estudios Educativos 
920 |a Impresos - Libros 
930 |a Fondos Especiales 
905 |a 133 
901 |a ALE073838  |b IT2  |c CEE  |u 20250521 
902 |a https://opac.biblio.iteso.mx/vufind/Record/000525936